Biodiversidad de la cuenca del Orinoco : (Registro nro. 7350)
[ vista simple ]
| 000 -CABECERA | |
|---|---|
| Campo de control | 01086nam a22002537a 4500 |
| 005 - FECHA Y HORA DE LA ULTIMA TRANSACCION | |
| Campo de control | 20170720020001.0 |
| 008 - ELEMENTOS DE LONGITUD FIJA—INFORMACION GENERAL | |
| Campo de control | 120412s2010 ck ab gr 000 0 spa d |
| 015 ## - NATIONAL BIBLIOGRAPHY NUMBER | |
| National bibliography number | ck-2010-xxxx |
| 020 ## - ISBN | |
| ISBN | 9789588554136 |
| 041 0# - IDIOMA | |
| Código de idioma para texto/pista de sonido o título separado | Español |
| 043 ## - GEOGRAPHIC AREA CODE | |
| Geographic area code | s-ck--- |
| 082 04 - NUMERO DE CLASIFICACION DECIMAL DEWEY | |
| Número de clasificación | 333.9516 |
| Número del ítem | L346b |
| 245 00 - MENCION DE TITULO | |
| Título | Biodiversidad de la cuenca del Orinoco : |
| Parte restante del título | bases científicas para la identificación de áreas prioritarias para la conservación y uso sostenible de la biodiversidad / |
| Mención de responsabilidad | editado por Carlos A. Lasso ... [et al.]. |
| 260 ## - PUBLICACION, DISTRIBUCION, ETC. (PIE DE IMPRENTA) | |
| Lugar de publicación, distribución, etc. | Bogotá : |
| Nombre del editor, distribuidor, etc. | Instituto de Investigación de Recursos Biológicos Alexander von Humboldt : |
| Fecha de publicación, distribución, etc. | 2010. |
| 300 ## - DESCRIPCION FISICA | |
| Extensión | 609 p. : |
| Otros detalles físicos | il., mapas ; |
| Dimensiones | 28 cm. |
| 650 #4 - ASIENTO SECUNDARIO DE MATERIA - TERMINO TEMATICO | |
| Término temático o nombre geográfico como elemento de entrada | Conservación de la diversidad biológica |
| Subdivisión geográfica | Orinoquía (Colombia) |
| 650 #4 - ASIENTO SECUNDARIO DE MATERIA - TERMINO TEMATICO | |
| Término temático o nombre geográfico como elemento de entrada | Gestión ambiental |
| Subdivisión geográfica | Orinoquía (Colombia) |
| 650 #4 - ASIENTO SECUNDARIO DE MATERIA - TERMINO TEMATICO | |
| Término temático o nombre geográfico como elemento de entrada | Especies en peligro |
| Subdivisión geográfica | Orinoquía (Colombia) |
| 700 1# - ASIENTO SECUNDARIO - NOMBRE PERSONAL | |
| Nombre personal | Lasso, Carlos A., |
| Término de relación | ed. |
| 700 1# - ASIENTO SECUNDARIO - NOMBRE PERSONAL | |
| Nombre personal | Usma, José S., |
| Término de relación | ed. |
| 700 1# - ASIENTO SECUNDARIO - NOMBRE PERSONAL | |
| Nombre personal | Trujillo, Fernando, |
| Término de relación | ed. |
| 700 1# - ASIENTO SECUNDARIO - NOMBRE PERSONAL | |
| Nombre personal | Rial, Anabel, |
| Término de relación | ed. |
| 942 ## - ELEMENTOS ADICIONALES (KOHA) | |
| Sistema de clasificación | Dewey Decimal Classification |
| Tipo de ítem | |
| Koha issues (borrowed), all copies | 8 |
| Withdrawn status | Lost status | Sistema de Clasificación | Damaged status | No para préstamo | Colección | Inventariado | Ubicación Permanente | Ubicación actual | Fecha de adquisición | Fuente de Valor | Valor | Total Checkouts | Total Renewals | Número topográfico | Inventario / Código de Barras | Date last seen | Date checked out | Ejemplar | Price effective from | Forma de adquisición | Tipo de material |
|---|---|---|---|---|---|---|---|---|---|---|---|---|---|---|---|---|---|---|---|---|---|
| Dewey Decimal Classification | Humboldt | Inventariado 2017 | Bogotá | Bogotá | 08/07/2013 | Instituto | 39000.00 | 4 | 1 | IAVH-333.9516 L346b | 028388 | 23/02/2017 | 16/02/2017 | Ej. 1 | 08/07/2013 | Institucional | Libro | ||||
| Dewey Decimal Classification | Humboldt | Inventariado 2017 | Bogotá | Bogotá | 29/07/2014 | Instituto | 39000.00 | 6 | IAVH-333.9516 L346b | 038228 | 11/09/2018 | 10/09/2018 | Ej. 2 | 29/07/2014 | Institucional | Libro | |||||
| Dewey Decimal Classification | Humboldt | Inventariado 2017 | Sala Fabio Quevedo | Sala Fabio Quevedo | 23/07/2014 | Instituto | 39000.00 | IAVH-333.9516 L346b | 028385 | 23/07/2014 | Ej. 3 | 23/07/2014 | Institucional | Libro |